| 000 | 00789cam a2200217 4500 | ||
|---|---|---|---|
| 001 | ABS66578 | ||
| 008 | 030429n2003 000 0 eng u | ||
| 035 | _a(Sirsi) u122116 | ||
| 100 | _aJohnson, H. | ||
| 245 | _aNews from Down Under | ||
| 260 | _c2003 | ||
| 490 |
_aRICS Building Control _v (139) April 2003,12-13(2) |
||
| 520 | _aFocuses on building regulation fees in Australia. Fees are recommended by the Association of Building Surveyors rather than the government and can be set whether the works are residential (domestic) or commercial. Tables. | ||
| 590 | _aABS | ||
| 650 | _aAUSTRALIA | ||
| 650 | _aBUILDING SURVEYORS' FEES | ||
| 650 | _aBUILDING REGULATION FEES | ||
| 650 |
_aBUILDING CONTROL _96222 |
||
| 690 | _aBUILT ENVIRONMENT-BUILDING STANDARDS | ||
| 942 | _n0 | ||
| 999 |
_c72565 _d72565 |
||